| 000 | 00496nam a2200193Ia 4500 | ||
|---|---|---|---|
| 999 |
_c3280 _d3280 |
||
| 001 | 3029 | ||
| 003 | PK-LaUMT | ||
| 005 | 20221027105947.0 | ||
| 008 | 140317s9999 xx 000 0 und d | ||
| 020 | _a0-273-60313-2 | ||
| 040 | _cPK-LaUMT | ||
| 082 |
_a 658.408 _bWEL-C |
||
| 100 | _aWelford, Richard | ||
| 245 |
_aCases in environmental management and business strategy _cWelford, Richard |
||
| 260 |
_aLondon,UK: _bPitman, _c1994 |
||
| 300 | _a216 p. | ||
| 546 | _aEN | ||
| 942 |
_cSTK2001 _2ddc |
||